| 000 -LEADER |
| fixed length control field |
01243pab a2200181 454500 |
| 008 - FIXED-LENGTH DATA ELEMENTS--GENERAL INFORMATION |
| fixed length control field |
180718b1996 xxu||||| |||| 00| 0 eng d |
| 100 ## - MAIN ENTRY--PERSONAL NAME |
| Personal name |
Orr, Marion |
| 245 ## - TITLE STATEMENT |
| Title |
Urban politics and school reform |
| Remainder of title |
the case of Baltimore. |
| 260 ## - PUBLICATION, DISTRIBUTION, ETC. |
| Date of publication, distribution, etc. |
1996 |
| 300 ## - PHYSICAL DESCRIPTION |
| Extent |
p.314-45 |
| 362 ## - DATES OF PUBLICATION AND/OR SEQUENTIAL DESIGNATION |
| Dates of publication and/or sequential designation |
Jan |
| 520 ## - SUMMARY, ETC. |
| Summary, etc. |
"Relatively little is known about the remarkable increase in the use of special districts for urban service delivery. The author assesses the utility of four alternative theoretical perspectives on the uneven use of districts in metropolitan areas. Empirical analysis of district patterns in more than 300 metropolitan areas in 1987 reveals multiple influences on district use. Local government structure and legal factors emphasized by institutional-reform and metropolitan-ecology perspectives are especially important relative to the service-demand factors asserted by public-choice and critical political-economy perspectives. Of particular note are different motivations associated with use of different geographic and financial subtypes of districts" |
| 650 ## - SUBJECT ADDED ENTRY--TOPICAL TERM |
| Topical term or geographic name entry element |
Educational change - United States |
| 650 ## - SUBJECT ADDED ENTRY--TOPICAL TERM |
| Topical term or geographic name entry element |
Municipal government - United States |
| 650 ## - SUBJECT ADDED ENTRY--TOPICAL TERM |
| Topical term or geographic name entry element |
Local government |
| 773 ## - HOST ITEM ENTRY |
| Main entry heading |
Urban Affairs Review |
| 909 ## - |
| -- |
30853 |